Renewable energy (Record no. 81084)

MARC details
000 -LEADER
fixed length control field 00788cab a22001935a 4500
001 - CONTROL NUMBER
control field L146205
008 - FIXED-LENGTH DATA ELEMENTS--GENERAL INFORMATION
fixed length control field 081216s2008 xxkdo f s 000 0 eng d
035 ## - SYSTEM CONTROL NUMBER
System control number (Sirsi) u146205
041 0# - LANGUAGE CODE
Language code of text/sound track or separate title eng
100 1# - MAIN ENTRY--PERSONAL NAME
Personal name Pollock, Josh
245 00 - TITLE STATEMENT
Title Renewable energy
Remainder of title increasing upward pressure on land prices
260 ## - PUBLICATION, DISTRIBUTION, ETC.
Date of publication, distribution, etc. 2008
490 ## - SERIES STATEMENT
Series statement Farmland Market
Volume/sequential designation (0849) Winter 2008, 16-17(2)
520 ## - SUMMARY, ETC.
Summary, etc. Article looks at how the growth in renewable energy technologies is leading to upwards pressures on land prices. While the author posits this as being the case, he does add that given other variables, it is difficult to correlate income from renewable energy to land prices.
590 ## - LOCAL NOTE (RLIN)
Local note KA
651 #4 - SUBJECT ADDED ENTRY--GEOGRAPHIC NAME
Geographic name United Kingdom
Chronological subdivision
690 ## - LOCAL SUBJECT ADDED ENTRY--TOPICAL TERM (OCLC, RLIN)
Topical term or geographic name as entry element ENVIRONMENTAL AND LAND CONSULTANCY-ENERGY
942 ## - ADDED ENTRY ELEMENTS (KOHA)
Suppress in OPAC 0
Holdings
Withdrawn status Lost status Source of classification or shelving scheme Damaged status Not for loan Home library Current library Shelving location Date acquired Total Checkouts Full call number Barcode Date last seen Copy number Price effective from Koha item type
    Dewey Decimal Classification     London London Journal article 16/12/2008   L146205 146205-1001 06/08/2019 1 06/08/2019 Journal article